Normal view MARC view
  • JAYARAMAN, DR. S & MUNDADA, DR. ATISH KUMAR SHRIKISAN AND KANKATE, DR. RANI. S

Entry Personal Name

Number of records used in: 1

001 - CONTROL NUMBER

  • control field: 8584

003 - CONTROL NUMBER IDENTIFIER

  • control field: JRU

005 - DATE AND TIME OF LATEST TRANSACTION

  • control field: 20240930122421.0

008 - FIXED-LENGTH DATA ELEMENTS

  • fixed length control field: 240930|| aca||aabn | a|a d

040 ## - CATALOGING SOURCE

  • Original cataloging agency: JRU
  • Transcribing agency: JRU

100 ## - HEADING--PERSONAL NAME

  • Personal name: JAYARAMAN, DR. S & MUNDADA, DR. ATISH KUMAR SHRIKISAN AND KANKATE, DR. RANI. S

670 ## - SOURCE DATA FOUND

  • Source citation: Work cat.: (JRU)8715: JAYARAMAN, DR. S & MUNDADA, DR. ATISH KUMAR SHRIKISAN AND KANKATE, DR. RANI. S. , INDUSTRIAL PHARMACY - I : B. PHARMA 5TH SEMESTER